INTERIM Report on Master Plan Study for Trengganu Swamp Area Integrated Agricultural Development Malaysia

Bibliographic Details
Format: Book
Published: Japan : Japan International Cooperation Agency , 1979
Subjects:

MARC

LEADER 00000cam a2200000 7i4500
001 0000002660
005 20030919.0
090 0 0 |a 577.698   |b INT 1979 
245 0 0 |a INTERIM Report on Master Plan Study for Trengganu Swamp Area Integrated Agricultural Development Malaysia 
260 0 0 |a Japan :   |b Japan International Cooperation Agency ,   |c 1979 
300 |a xiv, 88 p. :   |b 1 folded map ;   |c 30 cm. 
650 0 0 |a Mangrove swamps   |x Economic aspects   |z Terengganu 
998 |a JPSM 
999 |a 0000004015   |b Monograph   |c Open Shelf   |e Default branch